Normal view
MARC view
- Suresh Kumar, P .
Entry Personal Name
001 - CONTROL NUMBER
- control field: 1437
003 - CONTROL NUMBER IDENTIFIER
- control field: OSt
005 - DATE AND TIME OF LATEST TRANSACTION
- control field: 20160903162606.0
008 - FIXED-LENGTH DATA ELEMENTS
- fixed length control field: 160903|| aca||aabn | a|a d
040 ## - CATALOGING SOURCE
- Original cataloging agency: OSt
- Transcribing agency: OSt
100 ## - HEADING--PERSONAL NAME
- Personal name: Suresh Kumar, P .
670 ## - SOURCE DATA FOUND
- Source citation: Work cat.: (OSt)13433: Suresh Kumar, P ., Post Harvest Physiology and Quality Management of Fruits and Vegetables / , 2009.
